Antología de Prosistas Guatemaltecos. Leyendas, Tradición y Novela

Сохранить в:
Библиографические подробности
Главный автор: Echeverría B., R. Amilcar
Формат:
Язык:Undetermined
Опубликовано: Guatemala Universitaria 1957
Предметы:
Метки: Добавить метку
Нет меток, Требуется 1-ая метка записи!

MARC

LEADER 00000nam a2200000Ia 4500
008 170316s9999 xx 000 0 und d
040 |a cru BVZT 
090 |a A-860 E-1a 
100 |a Echeverría B., R. Amilcar 
245 |a Antología de Prosistas Guatemaltecos. Leyendas, Tradición y Novela 
260 |a Guatemala 
260 |b Universitaria 
260 |c 1957 
300 |a 366 páginas 
650 |a LITERATURA LATINOAMERICANA 
999 |c 12499  |d 12499 
942 |c 15 D  |h A-860 E-1a  |2 z